| 000 | 00462cam a22001691 4500 | ||
|---|---|---|---|
| 040 | _cODaWU | ||
| 082 | _a634 WIL 1947 A106 Or. | ||
| 100 | 1 | _aToumey, James William, | |
| 245 | 1 | 0 | _aFoundations of silviculture upon an ecological basis. |
| 250 | _a2d ed., | ||
| 260 |
_aNew York, _bJ. Wiley, _c1947. |
||
| 300 |
_axxi, 468 p. _billus. _c24 cm. |
||
| 650 | 0 | _aForests and forestry | |
| 650 | 0 | _aForest ecology. | |
| 700 | 1 | _aKorstian, Clarence F. | |
| 942 | _cEK | ||
| 999 |
_c16534 _d16534 |
||